Leveraging India's maritime diplomacy (Record no. 515849)

000 -LEADER
fixed length control field 00411nam a22001337a 4500
008 - FIXED-LENGTH DATA ELEMENTS--GENERAL INFORMATION
fixed length control field 210209b ||||| |||| 00| 0 eng d
100 ## - MAIN ENTRY--PERSONAL NAME
Personal name Thomas, Roby
245 ## - TITLE STATEMENT
Title Leveraging India's maritime diplomacy
260 ## - PUBLICATION, DISTRIBUTION, ETC. (IMPRINT)
Place of publication, distribution, etc Journal of Defence Studies
300 ## - PHYSICAL DESCRIPTION
Extent 14(3), Jul-Sep, 2020: p.5-28
773 ## - HOST ITEM ENTRY
Main entry heading Journal of Defence Studies
906 ## - LOCAL DATA ELEMENT F, LDF (RLIN)
Subject DIP INDIAN OCEAN REGION - FOREIGN RELATIONS
942 ## - ADDED ENTRY ELEMENTS (KOHA)
Item type Articles
Holdings
Withdrawn status Lost status Source of classification or shelving scheme Damaged status Not for loan Permanent location Current location Date acquired Serial Enumeration / chronology Barcode Date last seen Koha item type
          Indian Institute of Public Administration Indian Institute of Public Administration 2021-02-09 14(3), Jul-Sep, 2020: p.5-28 AR124233 2021-02-09 Articles

Powered by Koha